Statistics for Spanish Civil War Trivia

Click here to take the quiz!

General Stats

  • This quiz has been taken 114 times
  • The average score is 10 of 29

Answer Stats

HintAnswer% Correct
General who would end up leading the rebel side, "El Caudillo"Francisco Franco
95%
Basque village destroyed by the German Condor LegionGernika
61%
President of the Spanish RepublicManuel Azaña
59%
Original capital of the Republic, unsuccessfully assaulted in November 1936 by the nationalistsMadrid
56%
Fascist party that supported the rebel sideFET y de las JONS
53%
Third capital of the Republic, brutally bombed in March 1938Barcelona
46%
Second capital of the Republic and one of the last cities to fallValència
45%
River where the longest and deadliest battle took placeEbre
43%
Main promoter of the coup, "El Director"Emilio Mola
39%
Veteran general who died in the first days of the rebellionJosé Sanjurjo
38%
Town where Franco rescued rebels entrenched in the "Alcázar"Toledo
34%
Communist female leader known for her speechesDolores Ibárruri
33%
Andalusian city whose capture gave place to the massive exode known as "La Desbandá"Málaga
33%
Trotskyist PartyPOUM
29%
Leader of the above, executed by the Republic, "el Ausente"José Antonio Primo de Rivera
28%
Aragonese village that starts with 'B', site of a major battle that destroyed it in 1937Belchite
26%
President of the Generalitat, 1934-1940Lluís Companys
25%
Town massacred by Juan YagüeBadajoz
24%
Capital city of the nationalistsBurgos
24%
CNT leader who died defending MadridBuenaventura Durruti
23%
Site of a Republican massacre near MadridParacuellos de Jarama
23%
President of the Republican Government, 1936-1937Francisco Largo Caballero
20%
Leader of the above, allegedly killed by stalinistsAndreu Nin
19%
Successor of the aboveJuan Negrín
18%
Name of the open battle between Republican factions in BarcelonaMay Days
15%
Territory where the "Alzamiento Nacional" beganMelilla
15%
Only provincial capital taken by RepublicansTeruel
15%
Last city to be taken by nationalistsAlacant
14%
Basque Lehendakari during the warJosé Antonio Aguirre
13%

Score Distribution

Percentile by Number Answered

Percent of People with Each Score

Your Score History

You have not taken this quiz